000 00757cam a22002291a 4500
001 42941
003 BD-RjUL
005 20211209053623.0
008 160618s1955 enk 0 eng d
035 _a(BD-RjUL)43059
035 _a878204
040 _aNUN
_beng
_cNUN
_dANL:NR
041 _aeng
082 0 4 _a330.9
_bHEI 1955
100 1 _aHenderson, Hubert Douglas,
_d1890-1952
_9131878
245 1 4 _aThe inter-war years and other papers /
_ca selection from the writings of H.D.Henderson. Ed. by H.Clay.
260 _aOxford :
_bClarendon P.,
_c1955.
300 _axiii, 445 p. :
_bill. ;
_c23 cm.
651 0 _aGreat Britain
_xEconomic conditions
_y20th century.
_9131879
700 1 _aClay, Henry,
_cSir,
_d1883-1954.
_9131880
942 _2ddc
_cBK
999 _c42941
_d42941